Romanos (Registro nro. 42914)
[ vista simple ]
| 000 -LÍDER | |
|---|---|
| Campo fijo de descripción fija | 00705nam a22002297a 4500 |
| 001 - NÚMERO DE CONTROL | |
| Campo de control | 13990 |
| 003 - IDENTIFICADOR DEL NÚMERO DE CONTROL | |
| Campo de control | CO-MdFUSB |
| 005 - FECHA Y HORA DE LA ULTIMA TRANSACCIÓN | |
| control field | 20180306085600.0 |
| 008 - ELEMENTOS DE LONGITUD FIJA -- INFORMACIÓN GENERAL | |
| Campo fijo de descripción fija -- Información general | 180306t19781980ec ||||| |||| 00| 0 spa d |
| 020 ## - NÚMERO INTERNACIONAL NORMALIZADO PARA LIBROS | |
| Número Internacional Normalizado del libro | 0-8474-4369-8 |
| 040 ## - FUENTE DE CATALOGACIÓN | |
| Agencia de catalogación original | CO-MdFUSB |
| Idioma de catalogación | spa |
| Agencia que realiza la transcripción | CO-MdFUSB |
| Agencia que realiza la modificación | CO-MdFUSBC |
| Convenciones de la descripción | rda |
| 041 0# - CÓDIGO DE IDIOMA | |
| Código de idioma para texto/pista de sonido o título separado | spa |
| Código de idioma original | eng |
| 082 04 - NÚMERO DE CLASIFICACIÓN DECIMAL DEWEY | |
| Número de clasificación | G\227.1 E643r |
| 100 1# - ASIENTO PRINCIPAL--NOMBRE PERSONAL | |
| Nombre personal | Epp, Theodore H. (1907-) |
| Término relacionador | autor |
| 245 #0 - TÍTULO | |
| Título del Material | Romanos |
| Mención de responsabilidad, etc. | / Theodore Epp |
| 264 #4 - PRODUCCIÓN, PUBLICACIÓN, DISTRIBUCIÓN, MANUFACTURA, Y COPYRIGHT | |
| Lugar de producción, publicación, distribución, manufactura | Quito: |
| Nombre del productor, publicador, distribuidor | La Biblia Dice, |
| Fecha de producción, publicación, distribución, manufactura, o copyright | ©1978,1980 |
| 336 ## - TIPO DE CONTENIDO | |
| Fuente | rdacontent |
| Término de tipo de contenido | texto |
| Código de tipo de contenido | txt |
| 337 ## - TIPO DE MEDIO | |
| Fuente | rdamedia |
| Nombre del tipo de medio | sin mediación |
| Código del tipo de medio | n |
| 338 ## - TIPO DE SOPORTE | |
| Fuente | rdacarrier |
| Nombre del tipo de soporte | volumen |
| Código Tipo de soporte | nc |
| 505 00 - NOTA DE CONTENIDO | |
| Nota de contenido con formato preestablecido | Vol. 1 : Salvos por la feVol. 2 : Viviendo por la feVol. 3 : Venciendo por la fe |
| 942 ## - TIPO DE MATERIAL (KOHA) | |
| Tipo de Item KOHA | Libros General |
| Estado de Material | Estado de Perdido | Volumen-Parte/Tomo | Estado de Dañado | No para Préstamo | Colección | Tomo | Biblioteca de Origen | Biblioteca Permanente | Fecha de Adquisición | Total de Préstamos | Signatura Topográfica | Código de Barras | Última vez visto | Ejemplar/Existencia | Fecha de Remplazo | Tipo de Material |
|---|---|---|---|---|---|---|---|---|---|---|---|---|---|---|---|---|
| 1 | Colección General | Biblioteca FUSBC | Biblioteca FUSBC | 23/08/2006 | G\227.1 E643r | 16197 | 12/12/2019 | 1 | 26/01/2016 | Libros General | ||||||
| 3 | Colección General | Biblioteca FUSBC | Biblioteca FUSBC | 23/08/2006 | G\227.1 E643r | 16199 | 12/12/2019 | 1 | 26/01/2016 | Libros General | ||||||
| 2 | Colección General | Biblioteca FUSBC | Biblioteca FUSBC | 23/08/2006 | G\227.1 E643r | 16198 | 12/12/2019 | 1 | 26/01/2016 | Libros General |
